| 000 | 01138nam a2200229Ia 4500 | ||
|---|---|---|---|
| 999 |
_c39807 _d39807 |
||
| 001 | 6412 | ||
| 003 | GE_BSU | ||
| 005 | 20190424145205.0 | ||
| 008 | 181216s1975||||ge |||||||||||||| ||geo|| | ||
| 040 | _cGE_BSU | ||
| 041 | _ageo | ||
| 080 | _a624.012.4(075.8) კ-80 | ||
| 100 |
_aკოჩიევი, უ. _9470 |
||
| 245 |
_aრკინაბეტონის კონსტრუქციების გაანგარიშების მაგალითები : _bდამხმ. სახელმძღვ. / _cუ. კოჩიევი, ი. ბიუსი ; რედ. მ. ძიძიგური. |
||
| 264 |
_aთბილისი : _bსპი, _c1975. |
||
| 300 |
_a78 გვ. : _bნახაზ. , დანართი ; _c20 სმ. |
||
| 653 | _aრკინაბეტონის კონსტრუქციების გაანგარიშება | ||
| 653 | _aრკინაბეტონის კონსტრუქციები | ||
| 700 |
_a ბიუსი, ი. _9471 |
||
| 700 |
_aძიძიგური. მ. _eრედაქტორი _9472 |
||
| 942 |
_cBK _2udc |
||